| 000 | 02243cam a22005414i 4500 | ||
|---|---|---|---|
| 003 | PE-LiUPU | ||
| 005 | 20250731173117.0 | ||
| 008 | 190826s2014 ag a r 000 0 spa d | ||
| 020 | _a9877010496 | ||
| 020 | _a9789877010497 | ||
| 035 | _a(Sirsi) a252521 | ||
| 040 |
_aPE-LiUPU _bspa _cPE-LiUPU _erda |
||
| 041 | 1 |
_aspa _heng |
|
| 049 | _aPRUA | ||
| 082 | 0 | 4 |
_a286.73 _bL22 _220 |
| 100 | 1 |
_aLantry, Kimber J., _eautor. |
|
| 245 | 1 | 3 |
_aEl rey que no podía predicar/ _cKimber J. Lantry ; traducción por Aldo D. Orrego. |
| 250 | _aPrimera edición. | ||
| 264 | 1 |
_aBuenos Aires : _bAsociación Casa Editora Sudamericana, _c2014. |
|
| 300 |
_a71 páginas : _bilustraciones; _c21 centímetros |
||
| 336 |
_atext _2rdacontent |
||
| 337 |
_aunmediated _2rdamedia |
||
| 338 |
_avolume _2rdacarrier |
||
| 505 | 0 | _aOtho conoce a George -- Una propuesta... satisfactoria -- Preparación para el gran día -- Dios dirige la decisión final -- Primeras experiencias -- Se define la estrategia -- Madurez en el servicio -- ¡Qué ministerio brillante! | |
| 526 | _aSEG42 | ||
| 526 | _aSEG41 | ||
| 526 | _aSEG40 | ||
| 526 | _aSEG39 | ||
| 526 | _aP94 | ||
| 526 | _aP87 | ||
| 526 | _aP86 | ||
| 526 | _aP85 | ||
| 526 | _aP77 | ||
| 526 | _aP76 | ||
| 526 | _aP35 | ||
| 534 |
_pTítulo original : _tThe king who couldn't preach. |
||
| 650 | 0 | 4 | _aIglesia adventista. |
| 650 | 0 | 4 | _aLiteratura juvenil. |
| 910 |
_abgr _brrch _crrch _d20190829 |
||
| 942 |
_2ddc _cBOOK |
||
| 994 |
_aC0 _bPEPRU |
||
| 596 | _a1 | ||
| 999 |
_a286.73 L22 _wDEWEY _c31749 _i80362 _j4 _lCRAI-HOUSE _mBUL _p10.00 _r0 _sY _tBOOK _u2019-8-26 _xCOLEGIO _zUNKNOWN _0DONACION _o.STAFF. Colección General _d31749 |
||
| 999 |
_a286.73 L22 _wDEWEY _c2 _i80363 _lCRAI-HOUSE _mBUL _p10.00 _r0 _sY _tBOOK _u2019-9-3 _xCOLEGIO _zUNKNOWN _0DONACION _o.STAFF. Colección General |
||
| 999 |
_a286.73 L22 _wDEWEY _c3 _i80364 _lCRAI-HOUSE _mBUL _p10.00 _r0 _sY _tBOOK _u2019-9-3 _xCOLEGIO _zUNKNOWN _0DONACION _o.STAFF. Colección General |
||
| 999 |
_a286.73 L22 _wDEWEY _c4 _i80365 _lCRAI-HOUSE _mBUL _p10.00 _r0 _sY _tBOOK _u2019-9-3 _xCOLEGIO _zUNKNOWN _0DONACION _o.STAFF. Colección General |
||
| 980 |
_81 _gALBERTO SANCHEZ Responsable de Automatización |
||